000 00522nam a2200181 i 4500
001 142158
003 ES-MaACL
005 20230906200446.0
007 t|
008 071003s1960 ag ||||1| spa d
100 1 _aWaltari, Mika.
_9116000
245 1 0 _aMarco, el romano /
_cMika Waltari ; [traducción de Ursula Lindstrom].
250 _a1ª ed.
260 _aBuenos Aires :
_bPlaza & Janés,
_c[1960]
300 _a509 p. ;
_c24 cm.
700 1 _aLindstrom, Ursula.
_972426
852 _aES-MaACL
_jC-18208
_bR.46109
999 _c142158
_d142158